Permission to plan? (Record no. 105972)

MARC details
000 -LEADER
fixed length control field 01093cam a2200217 4500
001 - CONTROL NUMBER
control field ##L135259
008 - FIXED-LENGTH DATA ELEMENTS--GENERAL INFORMATION
fixed length control field 061009n2006 000 0 eng u
035 ## - SYSTEM CONTROL NUMBER
System control number (Sirsi) u135259
041 #0 - LANGUAGE CODE
Language code of text/sound track or separate title eng
050 04 - LIBRARY OF CONGRESS CALL NUMBER
Classification number 711.1 $2 18
110 2# - MAIN ENTRY--CORPORATE NAME
Corporate name or jurisdiction name as entry element Town and Country Planning Association
9 (RLIN) 3022
245 00 - TITLE STATEMENT
Title Permission to plan?
260 ## - PUBLICATION, DISTRIBUTION, ETC.
Place of publication, distribution, etc. London
Name of publisher, distributor, etc. TCPA
Place of publication, distribution, etc. London
Name of publisher, distributor, etc. PWHC
Date of publication, distribution, etc. 2006
520 ## - SUMMARY, ETC.
Summary, etc. Stresses that planning should be less about minimising harm and controlling development and more about maximising benefit for the long term through more aligned investment in public services. Highlights calls for refocusing resources on strengthening planning for place-making with greater emphasis on integrating planning with local service delivery and investment in infrastructure. Concludes that planners are too risk-averse and process orientated.
590 ## - LOCAL NOTE (RLIN)
Local note IKA171006
651 #4 - SUBJECT ADDED ENTRY--GEOGRAPHIC NAME
Geographic name England and Wales
Chronological subdivision 1543-
690 24 - LOCAL SUBJECT ADDED ENTRY--TOPICAL TERM (OCLC, RLIN)
Topical term or geographic name as entry element Planning and development
9 (RLIN) 6259
710 2# - ADDED ENTRY--CORPORATE NAME
Corporate name or jurisdiction name as entry element PriceWaterhouseCoopers
9 (RLIN) 3793
856 40 - ELECTRONIC LOCATION AND ACCESS
Uniform Resource Identifier <a href="https://tcpa.org.uk">https://tcpa.org.uk</a>
Public note View the report free of charge at www.tcpa.org.uk...
942 ## - ADDED ENTRY ELEMENTS (KOHA)
Suppress in OPAC 0
Holdings
Withdrawn status Lost status Source of classification or shelving scheme Damaged status Not for loan Home library Current library Shelving location Date acquired Total Checkouts Full call number Barcode Date last seen Copy number Price effective from Koha item type
    Dewey Decimal Classification     Virtual Virtual Online 09/10/2006   ONLINE PUBLICATION 135259-2001 06/08/2019 1 06/08/2019 Book